00391nam a2200145Ia 4500008004100000020001500041041001200056082001600068100002000084245006900104260003400173300000800207650001700215700001300232221030s9999 xx 000 0 und d a8185099146 aEnglish a105.23bHaj aHajra Choudhary 0aWorkshop TechnologybMachine Toolscby Hajra Choudhary, Hajra Ch bMedia PromotersaMumbaic1997 a688 aBB Mechanics aHajra Ch